000 01737cam a22001814a 4500
005 20250605163948.0
008 250528s ||||||||||||||||||||||||d
035 _a15269
040 _aGR-AtMCL
_bgre
_dGR-AtMCL
_eAACR2
245 1 _aΕφαρμογές Υπολογιστών στις Επιχειρήσεις / Ανάπτυξη Πληροφοριακών Συστημάτων
260 _bΝέων Τεχνολογιών,
_c1990
300 _a368
520 _aΤο βιβλίο αποτελεί ένα απαραίτητο εργαλείο καθημερινής διαχείρισης και διοίκησης της σύγχρονης επιχείρησης. Επιχείρηση και Πληροφορική, Αρχές Λειτουργίας των Επιχειρήσεων, Ο Υπολογιστής στην Επιχείρηση, Πανόραμα Εφαρμογών, Διαχειριστικές Εφαρμογές, Εφαρμογές στο Χώρο του Γραφείου, Τραπεζικές Εφαρμογές, Το Περιβάλλον των Εφαρμογών, Προμήθεια Υπολογιστικών και Πληροφοριακών Συστημάτων, Εφαρμογές Υπολογιστή, Παρουσίαση Εφαρμογών, Διαχείριση Αγορών, Διαχείριση Αποθήκης, Διαχείριση Πωλήσεων, Γενική Λογιστική, Διαχείριση Αξιογράφων, Διαχείριση Παγίων, Στατιστική , Γεννήτρια ''στατιστικών'' Καταστάσεων, Η Νέα Γενιά Εφαρμογών.
700 1 _aΛαοπόδης Βασίλης Γ
_9238
942 _cBK
999 _c862
_d862